000 00749cam a2200277 4500
008 090401t1996 xxu||||| |||| 00| 0 eng d
020 _a0582234093
035 _a(Sirsi) u8645
041 _aeng
050 _a658.99
100 _aMawdesley, Michael
245 _aPlanning and controlling construction projects: the best laid plans...
260 _aAscot
_bCIOB & Longman
_c1996
300 _axxvi, 405p. ; 26cm.
350 _a60
650 _aCONSTRUCTION INDUSTRY
650 _aCONSTRUCTION PLANNING
650 _aEXTENSIONS OF TIME
650 _aPROJECT PLANNING
650 _aRISK MANAGEMENT
690 _aBUILT ENVIRONMENT
700 _aAskew, William
700 _aO`Reilly, Michael
942 _n0
948 _c04/03/1997
999 _c86541
_d86541